00508nam a22001577a 450000500170000001000150001702000240003203500140005603700130007008200110008310000260009424500830012026000580020327000510026130000380031220220509142350.0 aENG-132559 a81860734151c150.00 aEN-116091 bDBAD/PUB a954.84 aReddy, V. Ramakrishna aSocial and Economic Development Of Hyderabad State:cMedak Suba : 1905 - 1950/ aHyderabad bPotti Sreeramulu Telugu University c2018 aPublic Gardens, Hyderabad bHyderabad e500004 aix, 264pc22cm(pbk)bBibliography